Zdravotné poistenie a jeho vplyv na úroveň evidovanej nezamestnanosti

Nezamestnanosť a zdravotné poistenie. Príspevky na zdravotné poistenie roku 1998 v SR. Nezamestnaní a zdravotné poistenie. Schéma zdravotného poistenia v nezamestnanosti za rok 1998.

Guardado en:
Detalles Bibliográficos
Autor principal: Kostolná, Zuzana
Formato: Capítulo de libro
Lenguaje:eslovaco
Materias:
Etiquetas: Agregar Etiqueta
Sin Etiquetas, Sea el primero en etiquetar este registro!

MARC

LEADER 00000naa a2200000 4500
001 r038575
005 20230807090012.7
041 0 |a slo 
044 |a SK 
245 1 0 |a Zdravotné poistenie a jeho vplyv na úroveň evidovanej nezamestnanosti  |c Zuzana Kostolná 
520 |a Nezamestnanosť a zdravotné poistenie. Príspevky na zdravotné poistenie roku 1998 v SR. Nezamestnaní a zdravotné poistenie. Schéma zdravotného poistenia v nezamestnanosti za rok 1998. 
610 2 0 |a poistenie zdravotné 
610 2 0 |a nezamestnanosť 
610 2 0 |a odvody 
610 2 0 |a úrady práce 
610 2 0 |a podpory v nezamestnanosti 
610 2 0 |a Slovensko 
100 1 |a Kostolná, Zuzana